000 01041nam a22003012 4500
001 0000000952
005 20151217151801.0
008 070222s xx 000 0 eng d
020 _cKES
040 _aKABU
_cKABU
050 0 _aBT299.2
_b.L54
245 1 4 _aThe Life of Jesus.
260 _aWhealton, Ill. :
_bTyndale House,
_c2003.
300 _a 357 p. (various paging) ;
600 1 0 _aJesus Christ.
_@0000149365
908 _a070222
950 _@1
999 _c4999
_d4999